| 000 | 01025nas a22002537a 4500 | ||
|---|---|---|---|
| 999 |
_c6573 _d6573 |
||
| 003 | OSt | ||
| 005 | 20181023132428.0 | ||
| 008 | 130705c1996 sp fr||| |||| 00| 0 spa d | ||
| 022 | _a1137-1102 | ||
| 040 |
_cCDMR _bcat |
||
| 245 | 0 | 0 |
_aZer _b: Revista de estudios de comunicación = Komunikazio ikasketen aldizkaria _c Universidad del País Vasco. Facultad de Ciencias Sociales y de la Comunicación = Euskal Herriko Unibersitatea. Gizarte eta Komunikazio-Zientzien Fakultatea |
| 260 |
_aBilbao _bUPV/EHU _c1996- |
||
| 310 | _aSemestral | ||
| 362 | _aNúm. 1 (des. 1996) - | ||
| 650 | 0 | 4 |
_93919 _aPeriodisme _vRevistes |
| 650 | 0 | 4 |
_91722 _aRàdio _vRevistes |
| 650 | 0 | 4 |
_9875 _aPublicitat _vRevistes |
| 650 | 0 | 4 |
_92775 _aRelacions públiques _vRevistes |
| 650 | 0 | 4 |
_9597 _aTelevisió _vRevistes |
| 710 | 2 |
_94584 _aUniversidad del País Vasco |
|
| 856 | 4 | 0 |
_uhttp://www.ehu.eus/ojs/index.php/Zer/issue/archive _yDisponible en línia (UPV/EHU) |
| 856 | 4 | 0 |
_uhttp://dialnet.unirioja.es/servlet/revista?codigo=2018 _yDisponible en línia a Dialnet |
| 942 |
_2udc _cSER _s1 |
||